000 00358pab a2200145 454500
008 180718b1988 xxu||||| |||| 00| 0 eng d
100 _aSridharan, N.
245 _aHousing market analysis and its implications for banks
260 _c1988
300 _a8-28
362 _aOct.
650 _aHousing - Finance
773 _aMonthly Review
909 _a10142
999 _c10142
_d10142